Kuifje - Albums - Statistics

General Stats
  • This quiz has been taken 13 times
  • The average score is 14 of 22
Answer Stats
Hint Answer % Correct
5 De Blauwe Lotus
100%
23 Kuifje en de Picaro's
100%
2 Kuifje in Afrika
100%
3 Kuifje in Amerika
100%
20 Kuifje in Tibet
100%
17 Mannen op de maan
100%
13 De 7 kristallen bollen
67%
21 De juwelen van Bianca Castafiore
67%
8 De scepter van Ottokar
67%
12 De schat van Scharlaken Rackham
67%
18 De zaak Zonnebloem
67%
6 Het gebroken oor
67%
15 Kuifje en het Zwarte Goud
67%
22 Vlucht 714
67%
19 Cokes in voorraad
33%
10 De geheimzinnige ster
33%
9 De krab met de gulden scharen
33%
4 De sigaren van de farao
33%
14 De zonnetempel
33%
7 De Zwarte Rotsen
33%
11 Het geheim van de Eenhoorn
33%
16 Raket naar de maan
33%
No matching quizzes found
Score Distribution
Percent of People with Each Score
Percentile by Number Answered
Your Score History
You have not taken this quiz